| 000 | 00527nam a2200157Ia 4500 | ||
|---|---|---|---|
| 003 | SGT | ||
| 020 | _a9780070993196 | ||
| 082 |
_a1.424 _bGIL |
||
| 100 | _aGillett, Billy E. | ||
| 245 | _aIntroduction to operations research : a computer-oriented algorithmic approach | ||
| 260 |
_bTata McGraw Hill Education Private Limited _aNew Delhi _c2010 |
||
| 300 | _a617p. | ||
| 650 | _aCOMPUTER SCIENCE | ||
| 653 | _aINTRODUCTION,DYNAMIC PROGRAMMING,LINEAR PROGRAMMING,INTEGER PROGRAMMING,GAME THEORY,QUEUEING THEORY, | ||
| 942 |
_2ddc _cBK |
||
| 999 |
_c5593 _d5593 |
||